MDQL
is popping MORE tags! Check the
thread
!
Quizzes
Events
Quiz Creation
Community
Videos
Private Events
Remove Ads
Sign In
Join for FREE
Feedback
Dark Mode
Quiz Categories
Sports
Geography
Music
Movies
Television
Just For Fun
Miscellaneous
History
Literature
Language
Science
Gaming
Entertainment
Religion
Holiday
For Kids
Quiz Lab
Recent
Popular Today
Quiz Kudos Today
Editor Picks
Curator Picks
Quizzes by...
Day
Popularity
Type
Ratings
Length
Year
Community
Subscriptions
Recent Discussions
Orange Saloon
Badges
Playlists
Quests
Create
Leaderboards
Showdown
Live 5
Trivia Bingo
Activity
Puzzle Library
Sporcle Events
Private Events
Virtual Trivia
Globe League
Become a Host
Pub Owners
SporcleCon
Opinionation
Our Games
Videos
Blog
Mobile Apps
Partnerships
Remove Ads and Go Orange
Feedback
Television
TV Characters
TV Show
Sitcom
Network
Friends
Reality Shows
Cast
South Park
Star Trek
The Simpsons
Doctor Who
Television
TV Characters
TV Show
Sitcom
Network
Friends
Reality Shows
Cast
South Park
Star Trek
The Simpsons
Doctor Who
Random Quiz
Search Sporcle
×
Quiz Lab
Quiz Lab
Television
bubble
Type in answers that appear in a list
Type in answers that appear in a list
Classic
Best Score? Go Orange.
Charlie Opening Stats
How well do you know the opening to the Mighty Boosh episode: Charlie
By
Rochey
12m
263 Questions
52 Plays
52 Plays
52 Plays
Comments
Comments
Give Quiz Kudos
Give Quiz Kudos
-
- Ratings
hide this ad
Replay
Link that replays current quiz
Next Quiz
Link to next quiz in quiz playlist
You Got
0%
They Got
Avg Score
76%
Avg Friend Score
Upgrade to see
Score Distribution
Jump to the score distribution portion of the page
Score
0/263
Timer
12:00
0
Plays Today
Character
Missing Word
% Correct
Howard
Hi,
100%
Simon
Hi.
100%
to
96.2%
Vince
96.2%
a
96.2%
a
96.2%
to
96.2%
a
96.2%
a
96.2%
a
96.2%
Simon
A
96.2%
to
96.2%
to
96.2%
to
96.2%
welcome
94.2%
the
94.2%
show.
94.2%
Howard
94.2%
the
94.2%
the
94.2%
show.
94.2%
the
94.2%
the
94.2%
Howard
He
94.2%
the
94.2%
the
94.2%
show.
94.2%
he
94.2%
he.
94.2%
He
94.2%
he
94.2%
Howard
How
94.2%
the
94.2%
the
94.2%
the
94.2%
the
94.2%
show,
94.2%
the
94.2%
show.
94.2%
My
92.3%
Moon,
92.3%
this
92.3%
is
92.3%
Noir.
92.3%
Howard
This
92.3%
Vince
I
92.3%
I
92.3%
Vince
I
92.3%
is.
92.3%
I
92.3%
name's
90.4%
Vince
Alright.
90.4%
An
90.4%
No
90.4%
you,
88.5%
Simon
88.5%
Simon
88.5%
Vince
You
88.5%
you
88.5%
you
88.5%
you
88.5%
you
88.5%
you
88.5%
you
88.5%
Simon
88.5%
you?
88.5%
you
88.5%
you
88.5%
you
88.5%
you,
88.5%
you
88.5%
you.
88.5%
go
88.5%
you
88.5%
go
88.5%
you
88.5%
week
86.5%
in
86.5%
in
86.5%
in
86.5%
in
86.5%
in
86.5%
in
86.5%
of
84.6%
of
84.6%
Vince
Not
84.6%
of
84.6%
of
84.6%
Character
Missing Word
% Correct
of
84.6%
What
84.6%
not
84.6%
Howard
What
84.6%
Howard
What
84.6%
are
84.6%
are
84.6%
Simon
I'm
84.6%
I'm
84.6%
are
84.6%
and
84.6%
and
84.6%
and
84.6%
Simon
What?
84.6%
Howard
What
84.6%
are
84.6%
Vince
What?
84.6%
Howard
Enjoy
84.6%
he's
80.8%
Howard
He's
80.8%
He's
80.8%
He's
80.8%
be
80.8%
your
80.8%
Howard
He's
80.8%
do
78.8%
do
78.8%
so.
78.8%
so
78.8%
do
78.8%
Vince
Well,
78.8%
like
78.8%
do
78.8%
well,
78.8%
well.
78.8%
Howard
So,
78.8%
Howard
So,
78.8%
on
78.8%
well
78.8%
real
76.9%
for
76.9%
at
76.9%
looks
76.9%
looks
76.9%
at
76.9%
at
76.9%
for
76.9%
have.
76.9%
have
76.9%
head
76.9%
doing?
76.9%
treat
75%
great
75%
Howard
Yeah,
75%
that.
75%
don't
75%
Howard
Yeah.
75%
why
75%
that
75%
doesn't
75%
doesn't.
75%
great.
75%
that
75%
great
75%
great
75%
Vince
Why
75%
don't
75%
we've
73.1%
got
73.1%
friend
73.1%
who
73.1%
One
73.1%
think
73.1%
put
73.1%
one
73.1%
think
73.1%
about?
73.1%
I've
73.1%
got
73.1%
put
73.1%
mine.
71.2%
gonna
71.2%
bit
71.2%
bit
71.2%
him
69.2%
moment
69.2%
him
69.2%
conker.
69.2%
Character
Missing Word
% Correct
talking
69.2%
moment?
69.2%
moment,
69.2%
but
69.2%
just
69.2%
just
69.2%
some
69.2%
just
69.2%
very,
67.3%
very
67.3%
actor,
67.3%
actor
67.3%
play
67.3%
his
67.3%
Vince
Really?
67.3%
wooden.
67.3%
Howard
You're
67.3%
Howard
Really?
67.3%
it's
67.3%
really
67.3%
really,
67.3%
really
67.3%
I'll
67.3%
special
65.4%
McFarnaby
65.4%
McFarnaby.
65.4%
get
65.4%
might
65.4%
know?
65.4%
get
65.4%
mean?
65.4%
McFarnaby.
65.4%
up
65.4%
with
65.4%
with
65.4%
with
65.4%
get
65.4%
up.
65.4%
form
63.5%
only
63.5%
I'd
63.5%
all
63.5%
here
63.5%
Simon
Oh
63.5%
working
61.5%
weird
61.5%
mind?
61.5%
looking
61.5%
Simon
Thanks,
61.5%
thanks.
61.5%
working
61.5%
working
61.5%
looking
61.5%
working
61.5%
Simon
Thanks,
61.5%
vinegar?
61.5%
because
59.6%
pieces.
59.6%
now,
59.6%
quiet
59.6%
lined
59.6%
Autumn.
59.6%
Vince
Bet
59.6%
right.
59.6%
part
57.7%
around.
57.7%
little
55.8%
thought
55.8%
wonder
55.8%
much
55.8%
something
55.8%
devised
53.8%
devised
53.8%
say
53.8%
has
51.9%
Simon
H'm.
51.9%
forward
51.9%
being
51.9%
warmed
51.9%
agreed
50%
theatre
46.2%
country.
46.2%
within
42.3%
mucking
38.5%
exponents
36.5%
wanna
36.5%
foremost
34.6%
Quiz Playlist
Details
Report
Send in Message
Add To Playlist
Classic:
Type in answers that appear in a list
Last Updated: Feb 16, 2017
Quiz Scoreboard
CHALLENGE
Sign Up to Join the Scoreboard
Show All
Scores
Hide
Comments
May contain spoilers
Recently Published
Two Season TV Shows II
by 123Four
Television
10m
Image Sorting: Flags VI
by Barbecue
Geography
2m
Find the 'City' Movie
by crazypaving
Movies
60s
More to Explore
Quiz From the Vault
Featured Blog Post
14 Easter Pick-up Lines to Find Eggs With
hide this ad
You Might Also Like...
Tags
bubba
bubble
charlie
Eric
gum
Howard
Mighty Boosh
Moon
nightmare
noir
simon
Vince
Today's Top Quizzes in Television
Browse Television
hide this ad
Top Contributed Quizzes in Television
1
Survivor Journey Challenge
2
Adjectives in 00s TV Shows
3
Brooklyn Nine Nine Logic Puzzle (How-To-Play)
4
Even More Two Season TV Shows
5
Total Drama Characters
6
Survivor Logic Puzzle: Heroes vs. Villains
7
Adjectives in 10s TV Shows
8
Survivor Heroes vs. Villains Logic Puzzle
9
Phoebe Buffay Quotes
10
Survivor Seasons
Explore More
Trending Topics
Anime
Harry Potter
Crossword
Disney
NBA
Marvel
Kpop
Pokémon
NFL
Country
WWE
Puzzle
The Office
Soccer
Song
hide this ad
More By:
Rochey
Quiz
Plays
Rating
Category
Featured
Created
Bollo Opening
79
5.00
Television
Nov 12, 2013
Jungle Opening
78
5.00
Television
Nov 7, 2013
The Fountain of Youth Opening
57
5.00
Television
Oct 23, 2013
Mutants Opening
54
5.00
Television
Dec 17, 2013
Charlie Opening
52
5.00
Television
Dec 9, 2013
Go to Creator's Profile
Score Distribution
Quiz Creator Spotlight
Rochey
Follow
Send a Message
Quizzes Created
-
Created Quiz Play Count
-
More By This Creator
Popular Quizzes Today
1
Find the US States - No Outlines Minefield
2
Colored Red Africa Blitz
3
Find the 'City' Movie
4
5x2 Blitz: Bands
5
The Countries of the World
6
Find the Countries of Europe - No Outlines Minefield
7
Find the US States
8
US States
More Television Quizzes
TV Show Characters (1960s)
Published
Trending Quizzes
Colored Red Europe Blitz I
Colored Red Africa Blitz II
Colored Red Europe Blitz II
Colored Red Africa Blitz III
Even More Two Season TV Shows
Recently Updated
March Madness Men's Triple Doubles
pecheneg
How Do You Spell That?
pecheneg
Godzilla Movies
pecheneg
Grab Bag: 4-10 Letters
pecheneg
2024 March Madness Bracket
pecheneg
Famous TV Couples
Peacemaker
Champions League XIs: Real Madrid
pecheneg
Largest US Cities 1790-2010
pecheneg
Rides in Walt Disney World
pecheneg
Most Oscar Losses (Acting)
pecheneg
Trending Topics
Anime
Harry Potter
Crossword
NBA
Kpop
Disney
Marvel
Soccer
Pokémon
Country
The Office
Song
NFL
Puzzle
WWE
Your Account Isn't Verified!
In order to create a playlist on Sporcle, you need to verify the email address you used during registration. Go to your
Sporcle Settings
to finish the process.
Report this User
Report this user for behavior that violates our
Community Guidelines
.
Details:
Send Report
Go to the Sporcle.com Mobile Site →
Comments